| 000 | 01461nam a2200385 i 4500 | ||
|---|---|---|---|
| 001 | 25370 | ||
| 003 | KOSZ 005 | ||
| 005 | 20200630132830.0 | ||
| 008 | 080401s1964 pl a f 001 0 pol | ||
| 015 | _aPB 1964/4379 | ||
| 040 |
_aWA N _cWA N _dKOSZ 005/RW |
||
| 041 | 1 |
_apol _heng |
|
| 080 | _a537 | ||
| 080 | _a538 | ||
| 100 | 1 |
_aCullity, Bernard Denis. _eAutor |
|
| 245 | 1 | 0 |
_aPodstawy dyfrakcji promieni rentgenowskich / _cB. D. Cullity ; [z angielskiego tłumaczyli Bogdan Kołakowski, Maria Lefeld-Sosnowska, Ludwik Górski]. |
| 246 | 1 |
_iTytuł oryginału: _aElements of X-ray diffraction |
|
| 260 |
_aWarszawa : _bPaństwowe Wydawnictwo Naukowe, _c1964. |
||
| 300 |
_a704 strony, [1] karta tablic : _bilustracje ; _c23 cm. |
||
| 336 |
_aTekst _btxt _2rdacontent |
||
| 337 |
_aBez urządzenia pośredniczącego _bn _2rdamedia |
||
| 338 |
_aWolumin _bnc _2rdacarrier |
||
| 380 | _aKsiążki. | ||
| 504 | _aIndeks. | ||
| 650 | 4 | _aPromienie Roentgena. | |
| 658 | _aInżynieria i technika | ||
| 658 | _aFizyka i astronomia | ||
| 650 | 4 | _aKryształy | |
| 700 | 1 |
_aKołakowski, Bogdan. _eTłumaczenie |
|
| 700 | 1 |
_aLefeld-Sosnowska, Maria. _eTłumaczenie |
|
| 700 | 1 |
_aGórski, Ludwik _d(1924-2012). _eTłumaczenie |
|
| 710 | 2 |
_aPaństwowe Wydawnictwo Naukowe _4pbl. |
|
| 856 |
_uhttp://koha.tu.koszalin.pl/cgi-bin/koha/opac-detail.pl?biblionumber=25370 _yKatalog online BPK |
||
| 942 |
_2UKD _cKS |
||
| 999 |
_c25370 _d25370 |
||